000 00276nam a2200109Ia 4500
008 200302s9999 xx 000 0 und d
100 _aB. J. Smith & Others
245 _aAcoustics and Noise Control 2nd ed.
260 _bLongman Group UK Ltd.
260 _c1996
300 _a330 P.,
999 _c940
_d940